Countries with the lowest GDP per capita - Statistics

General Stats
  • This quiz has been taken 25 times
  • The average score is 22 of 25
Answer Stats
GDP per capita Country % Correct
$312 Burundi
100%
$586 DR Congo
100%
$955 Mali
100%
$854 Rwanda
100%
$250 South Sudan
100%
$515 Central African Republic
96%
$764 Chad
96%
$525 Somalia
96%
$864 Ethiopia
92%
$521 Mozambique
92%
$741 Togo
92%
$778 Burkina Faso
88%
$774 Gambia
88%
$636 Liberia
88%
$411 Malawi
88%
$439 Niger
88%
$529 Sierra Leone
88%
$531 Afghanistan
83%
$848 Guinea Bissau
83%
$489 Madagascar
83%
$735 Uganda
83%
$846 Haiti
79%
$889 Comoros
67%
$651 North Korea
67%
$882 Tajikistan
33%
No matching quizzes found
Score Distribution
Percent of People with Each Score
Percentile by Number Answered
Your Score History
You have not taken this quiz